1704 1352 1398 1604 1498 1818 1043 1493 1234 1162 1039 1852 1668 1904 1231 1951 1501 1833 1604 1446 1499 1749 1658 1820 1609 1141 1381 1962 1368 1457 1200 1534 1710 1602 1804 1415 1311 1845 1406 1860 1647 1662 1996 1077 1490 1962 1942 1392 1862 1965 1041 1968 1544 1321 1477 1964 1183 1151 1250 1541 1764 1430 1999 1356 1818 1526 1701 1212 1306 1194 1716 1908 1785 1077 1288 1775 1121 1757 1027 1981 1435 1704 1000 1381 1450 1089 1734 1064 1056 1553 1761 1396 1532 1002 1266 1405 1489 1838 1024 BCNSPRNW ULIB Ver.6.0+V

เปลี่ยนเป็นภาษาไทย

Change to English
 แสดงรายละเอียดบรรณานุกรม
  กลับหน้าหลัก

Brief Record : Get Marc (ISO 2709) : E-mail record : QR code < ปิดหน้าต่าง
LEADER : 00000nam 2200000uu 4500
001    13399111737
003     ULIB
008    110707s2543||||th 000 0 tha d
020    9748429997
020    9789748429991
050  4 DS566.2^bธ684ค 2543
100 0  ธีรภาพ โลหิตกุล
245 10 คนโยนฟืน /^cธีรภาพ โลหิตกุล
250    พิมพ์ครั้งที่ 3
260    กรุงเทพฯ :^bแพรวสำนักพิมพ์,^c2543
300    197 หน้า :^bภาพประกอบ ;^c22 ซม.
490 0  สารคดี ;^vลำดับที่ 21
651  7 ไทย ^xภูมิประเทศและการท่องเที่ยว
653    Open Your Eyes Project
945    ^p155^l0^i015955
995     ทศพร
999 ^a ใช้งานได้ทุกระบบ
รายการนี้ยังไม่มีแท็ก
คุณยังไม่ได้ล็อกอิน คุณสามารถมีกิจกรรมร่วมกับเว็บไซต์ได้ แต่ต้องล็อกอินก่อน ::
  ล็อกอิน

รายการสื่อสารสนเทศ

ลำดับที่ ประเภท เลขเรียก/บาร์โค้ด สถานที่ สถานะ
- ไม่พบข้อมูล -

รายการใกล้เคียง
    ผู้แต่ง [ธีรภาพ โลหิตกุล]

BibComment


ยังไม่เคยถูกคอมเมนท์

คอมเมนท์ทรัพยากรรายการนี้
  คอมเมนท์: คนโยนฟืน ธีรภาพ ..


 Copyright 2026. Bcnsprnw @Library